| 000 | 00566nam a2200229Ia 4500 | ||
|---|---|---|---|
| 003 | GCL | ||
| 008 | 140319s9999 xx 000 0 eng d | ||
| 020 | _a1 85743 135 9 | ||
| 040 |
_aGCL / _cGCL |
||
| 082 | 0 | 4 |
_aREF _b060 _bE W |
| 245 | 1 | 0 | _aTHE WORLD OF LEARNING 2003 |
| 250 | _a53 | ||
| 260 |
_aانجلترا : _bEUROPA PUBLICATIONS LIMITED ، _c2003 |
||
| 300 |
_a32 CM ؛ _c2286 P |
||
| 650 | 0 | 4 | _aUNIVERSITIES |
| 650 | 0 | 4 | _aORGANIZATION |
| 650 | 0 | 4 | _aLEARNING |
| 650 | 0 | 4 | _aEDUCATION |
| 650 | 0 | 4 | _aCULTURE |
| 650 | 0 | 4 | _aPUBLICATIONS |
| 942 |
_2ddc _cREF |
||
| 999 |
_c5411 _d5411 |
||